Dôsledky vstupu a pôsobenia obchodných sietí na výrobnú (dodávateľskú) sféru v SR

Zbližovanie slovenského obchodu s európskym štandardom. Výsledky výskumu zameraného na vnímanie vstupu a pôsobenia silných obchodných spoločností na slovenský trh. Zmeny, ktoré nastali vplyvom pôsobenia obchodných sietí. Najmarkantnejšie rozdiely pri spolupráci s obchodnou sieťou. Pozitívne prínosy...

Ausführliche Beschreibung

Gespeichert in:
Bibliographische Detailangaben
1. Verfasser: Poliačiková, Eva
Weitere Verfasser: Hroncová, Ivana
Format: Buchkapitel
Sprache:Slowakisch
Schlagworte:
Tags: Tag hinzufügen
Keine Tags, Fügen Sie das erste Tag hinzu!

MARC

LEADER 00000naa$a2200000$$$4500
001 0031161
005 20231114075231.4
041 0 |a slo 
044 |a CZ 
245 1 0 |a Dôsledky vstupu a pôsobenia obchodných sietí na výrobnú (dodávateľskú) sféru v SR  |c Eva Poliačiková, Ivana Hroncová 
520 |a Zbližovanie slovenského obchodu s európskym štandardom. Výsledky výskumu zameraného na vnímanie vstupu a pôsobenia silných obchodných spoločností na slovenský trh. Zmeny, ktoré nastali vplyvom pôsobenia obchodných sietí. Najmarkantnejšie rozdiely pri spolupráci s obchodnou sieťou. Pozitívne prínosy pôsobenia obchodných sietí - zvyšovanie kvalifikácie výkonných pracovníkov, kvalita práce, inovácia, modernizácia výrobných technológií, zvyšovanie kvalifikácie manažmentu, operatívnosť v riadení. 
610 2 0 |a siete obchodné 
610 2 0 |a Slovensko 
610 2 0 |a sféra výrobná 
610 2 0 |a dodávatelia 
100 1 |a Poliačiková, Eva 
700 1 |a Hroncová, Ivana